000 00249nam a2200097Ia 4500
005 20251222114412.0
008 251222s1900||||xx |||||||||||||| ||spa||
082 _aDVD0098/U61S/2006
245 0 _aSinopsis de la poesía peruana del siglo XX
942 _cDVD
999 _c2069
_d2069